000 00328nam a22000977a 4500
999 _c3036
_d3036
008 200120b ||||| |||| 00| 0 eng d
100 _aH. R. Harmer Auctions
245 _aUnited States & Confederate States (Erivan collection) Auction 2017
260 _bH.R. Harmer
_c2017
650 _aPostal History; United States; Confederate States